Statistics for Athletic Club Squad 2021-2022

Click here to take the quiz!

General Stats

  • This quiz has been taken 46 times
  • The average score is 20 of 26

Answer Stats

#PositionNationPlayer% Correct
10MFSpainIker Muniain
100%
9FWGhanaIñaki Williams
100%
30FWSpainNico Williams
100%
1GKSpainUnai Simón
100%
4DFSpainIñigo Martínez
97%
-CoachSpainMarcelino García Toral
94%
17DFSpainYuri Berchiche
94%
7FWSpainÁlex Berenguer
89%
5DFSpainYeray Álvarez
89%
14MFSpainDani García
86%
18DFSpainÓscar de Marcos
86%
22FWSpainRaúl García
86%
21DFSpainAnder Capa
83%
3DFSpainUnai Núñez
80%
20FWSpainAsier Villalibre
77%
6MFSpainMikel Vesga
77%
16MFSpainUnai Vencedor
77%
8MFSpainOihan Sancet
74%
15DFSpainIñigo Lekue
71%
24DFSpainMikel Balenziaga
71%
12DFSpainDani Vivian
69%
19MFSpainOier Zarraga
57%
2DFSpainÁlex Petxa
49%
13GKSpainJokin Ezkieta
46%
23MFSpainPeru Nolaskoain
43%
11FWSpainJon Morcillo
40%

Score Distribution

Percentile by Number Answered

Percent of People with Each Score

Your Score History

You have not taken this quiz